[Event "MANDA"]
[Site "http://www.queenalice.com/game.php?id=517108"]
[Date "2009.1.4"]
[Round "-"]
[White "perucona"]
[Black "manda"]
[Result "1-0"]
[WhiteElo "1547"]
[BlackElo "1278"]

1. e4 e5 2. d4 Nf6 3. dxe5 Nxe4 4. Qe2 b6 5. Qxe4 Be7 6. Nf3 Nc6 7. Nc3 g6 8.
Bg5 f6 9. Bd2 Bb7 10. Qh4 f5 11. Qh6 Bc5 12. Bg5 Qc8 13. O-O-O Ba6 14. Qg7 Rf8
15. Na4 d6 16. Qe7+ Nxe7 17. Bxe7 Rf7 18. Bh4 Qe6 19. Nd2 dxe5 20. Nxc5 bxc5 21.
Bxa6 Rb8 22. Rde1 Qd5 23. Bc4 Qb7 24. Rxe5+ Re7 25. Rxe7+ Kd8 26. Re3+ Kc8 27.
Rhe1 1-0

[Event "Invitation"]
[Site "http://www.queenalice.com/game.php?id=519107"]
[Date "2009.1.8"]
[Round "-"]
[White "gabyb_d"]
[Black "manda"]
[Result "0-1"]
[WhiteElo "1100"]
[BlackElo "1453"]

1. e4 e5 2. Bb5 b6 3. Nc3 Nf6 4. Nf3 g6 5. d4 c6 6. dxe5 cxb5 7. Nxb5 Ng4 8. h3
Nxf2 9. Kxf2 Bc5+ 10. Kf1 Ba6 11. a4 O-O 12. Bd2 Qe7 13. Bh6 Re8 14. Ke1 Nc6 15.
Nc3 d6 16. Ra3 dxe5 17. Nd5 Qe6 18. g4 Rad8 19. g5 Bc4 20. Rc3 Bxd5 21. Rg1 Bxg1
22. Ke2 Bd4 23. Nxd4 exd4 24. Rb3 Qxe4+ 25. Kd2 Ne5 26. Kc1 Bxb3 27. cxb3 Rc8+
28. Kd2 Qg2+ 29. Qe2 Nc4+ 30. Kd1 Rxe2 31. bxc4 Qf1# 0-1

[Event "Challenge"]
[Site "http://www.queenalice.com/game.php?id=521236"]
[Date "2009.1.12"]
[Round "-"]
[White "manda"]
[Black "samuelrmgs"]
[Result "1/2-1/2"]
[WhiteElo "1469"]
[BlackElo "1286"]

1. d4 d5 2. Bd2 e6 3. Nc3 Qf6 4. Nf3 Bd6 5. g3 Nc6 6. Bh3 Nxd4 7. O-O Nxf3+ 8.
exf3 d4 9. Ne4 Qe5 10. Nxd6+ Qxd6 11. Re1 Ne7 12. Qe2 Bd7 13. Qe4 O-O-O 14. Bf4
Qb4 15. c3 dxc3 16. bxc3 Qxc3 17. Bg5 Rhe8 18. Rec1 Qa5 19. Rd1 Qxg5 20. f4 Qh5
21. Rdb1 Qxh3 22. Rxb7 1/2-1/2

[Event "Challenge"]
[Site "http://www.queenalice.com/game.php?id=525641"]
[Date "2009.1.19"]
[Round "-"]
[White "mitchelli"]
[Black "manda"]
[Result "1-0"]
[WhiteElo "1600"]
[BlackElo "1281"]

1. e4 e5 2. Qh5 Qf6 3. Nf3 Nc6 4. Bc4 g6 5. Qh4 g5 6. Qxg5 d6 7. Nc3 Nh6 8. d3
Be7 9. Nd5 b6 10. Nxf6+ Kf8 11. Qh5 Bxf6 12. Qxh6+ Ke7 13. Bg5 Bxg5 14. Qxg5+ f6
15. Qg7+ 1-0

[Event "Challenge"]
[Site "http://www.queenalice.com/game.php?id=525961"]
[Date "2009.1.20"]
[Round "-"]
[White "manda"]
[Black "samuelrmgs"]
[Result "1/2-1/2"]
[WhiteElo "1413"]
[BlackElo "1266"]

1. d4 d5 2. Nf3 Bg4 3. e3 e6 4. Nc3 Bb4 5. g3 Nf6 6. Bd3 Nc6 7. Bd2 g6 8. a3
Bxc3 9. Bxc3 O-O 10. h3 Bxf3 11. Qxf3 Qd6 12. b4 b5 13. O-O-O Rab8 14. Rdg1 Kh8
15. g4 1/2-1/2

[Event "Challenge"]
[Site "http://www.queenalice.com/game.php?id=528892"]
[Date "2009.1.24"]
[Round "-"]
[White "manda"]
[Black "samuelrmgs"]
[Result "0-1"]
[WhiteElo "1371"]
[BlackElo "1344"]

1. e4 e5 2. Nc3 Nf6 3. b3 Bb4 4. Bb2 d6 5. Nf3 Bg4 6. g3 Bxf3 7. Qxf3 Qd7 8.
O-O-O Nc6 9. Bc4 O-O-O 10. a3 Bc5 11. b4 d5 0-1

[Event "AUTO-INT-1182"]
[Site "http://www.queenalice.com/game.php?id=529198"]
[Date "2009.1.25"]
[Round "1"]
[White "volga1"]
[Black "manda"]
[Result "1-0"]
[WhiteElo "1855"]
[BlackElo "1337"]

1. e4 e5 2. Nf3 Nc6 3. Bc4 Nf6 4. Ng5 g6 5. Nxf7 Qe7 6. Nxh8 b6 7. Nc3 Bh6 8.
Nf7 a5 9. Nxh6 Nd4 10. Nd5 b5 11. Nxe7 Bb7 12. Nd5 1-0

[Event "AUTO-INT-1182"]
[Site "http://www.queenalice.com/game.php?id=529199"]
[Date "2009.1.25"]
[Round "1"]
[White "manda"]
[Black "volga1"]
[Result "0-1"]
[WhiteElo "1335"]
[BlackElo "1857"]

1. d4 g6 2. Nf3 d6 3. Be3 Bg4 4. Nfd2 Bg7 5. Nc3 Nf6 6. h3 Bf5 7. g4 Be6 8. Bg2
Nc6 9. Nf3 Nb4 10. a3 Nbd5 11. Ng5 O-O 12. O-O Nxc3 0-1

[Event "AUTO-INT-1182"]
[Site "http://www.queenalice.com/game.php?id=529206"]
[Date "2009.1.25"]
[Round "1"]
[White "manda"]
[Black "clabrada"]
[Result "0-1"]
[WhiteElo "1337"]
[BlackElo "1805"]

1. d4 Nf6 2. Nf3 d5 3. Nc3 Bf5 4. e3 e6 5. g3 Nbd7 6. Bd3 Bxd3 7. cxd3 c6 8. b4
Bxb4 9. a3 Bxc3+ 10. Bd2 Bxa1 0-1

[Event "AUTO-INT-1182"]
[Site "http://www.queenalice.com/game.php?id=529207"]
[Date "2009.1.25"]
[Round "1"]
[White "clabrada"]
[Black "manda"]
[Result "1-0"]
[WhiteElo "1805"]
[BlackElo "1337"]

1. e4 e5 2. Nf3 Nf6 3. Nxe5 g6 4. Bc4 Bd6 5. Nxf7 Qe7 6. Nxh8 Nxe4 7. O-O Nc6 8.
Nc3 g5 9. Nxe4 Ne5 10. Re1 b6 11. d4 1-0

[Event "AUTO-OPEN-1418"]
[Site "http://www.queenalice.com/game.php?id=529517"]
[Date "2009.1.25"]
[Round "1"]
[White "MarcioDiasRamos"]
[Black "manda"]
[Result "1-0"]
[WhiteElo "1663"]
[BlackElo "1283"]

1. e4 e5 2. Nf3 Nc6 3. Bb5 a6 4. Bxc6 bxc6 5. Nxe5 d6 6. Nxc6 Qd7 7. Nd4 c5 8.
Nf3 Nf6 9. d3 g6 10. Bg5 Be7 11. e5 dxe5 12. Nxe5 Nd5 13. Nxd7 Bxd7 14. Qe2 h5
15. Nc3 1-0

[Event "AUTO-OPEN-1418"]
[Site "http://www.queenalice.com/game.php?id=529518"]
[Date "2009.1.25"]
[Round "1"]
[White "manda"]
[Black "MarcioDiasRamos"]
[Result "0-1"]
[WhiteElo "1285"]
[BlackElo "1661"]

1. e4 c5 2. Nf3 e6 3. Nc3 Nc6 4. d3 Nf6 5. b3 d6 6. Ba3 Be7 7. g3 Qa5 8. b4 cxb4
9. Bh3 Qxa3 10. Nb1 Qb2 11. Nbd2 d5 12. Rb1 Qa3 13. Rb3 Qxa2 14. g4 e5 15. Qc1
Bc5 0-1

[Event "AUTO-OPEN-1418"]
[Site "http://www.queenalice.com/game.php?id=529546"]
[Date "2009.1.25"]
[Round "1"]
[White "cunha"]
[Black "manda"]
[Result "1-0"]
[WhiteElo "2459"]
[BlackElo "1346"]

1. d4 d5 2. Bf4 Nf6 3. Nf3 Nc6 4. e3 g6 5. c4 e5 6. dxe5 Ne4 7. Nc3 b6 8. cxd5
f5 9. Bb5 Nxf2 10. Bxc6+ Bd7 11. Bxd7+ 1-0

[Event "AUTO-OPEN-1418"]
[Site "http://www.queenalice.com/game.php?id=529547"]
[Date "2009.1.25"]
[Round "1"]
[White "manda"]
[Black "chess2009"]
[Result "0-1"]
[WhiteElo "1293"]
[BlackElo "1481"]

1. e4 e5 2. Nc3 Nf6 3. Nf3 Bd6 4. Bd3 Bc5 5. a3 c6 6. Nxe5 d6 7. b4 Bb6 8. Nc4
Ng8 9. Ne3 Bxe3 10. dxe3 Nf6 11. g4 Bxg4 12. Qd2 O-O 13. h3 Be6 14. f4 b5 0-1

[Event "Challenge"]
[Site "http://www.queenalice.com/game.php?id=531565"]
[Date "2009.1.29"]
[Round "-"]
[White "aureliano"]
[Black "manda"]
[Result "1-0"]
[WhiteElo "1618"]
[BlackElo "1312"]

1. d4 d5 2. e3 Nf6 3. Nd2 Nc6 4. Ngf3 g6 5. Ne5 Nxe5 6. dxe5 Bh6 7. exf6 exf6 8.
Qf3 b6 9. b3 Be6 10. Bb5+ Kf8 11. Bb2 Bf5 12. Rc1 Qd6 13. O-O Re8 14. c4 Re6 15.
cxd5 Re5 16. Nc4 Qc5 17. a4 1-0